| 000 | 00814nam a2200193 a 4500 | ||
|---|---|---|---|
| 005 | 20230519063638.0 | ||
| 008 | 991125c19731993mx 000 0 spa u | ||
| 035 | _aUPN01000021473 | ||
| 049 | _aCG | ||
| 050 | 4 |
_aF1234 _bS6.48 |
|
| 100 | 1 | _aSmith, Robert Freeman | |
| 245 | 1 | 4 |
_aLos Estados Unidos y el nacionalismo revolucionario en México, 1916-1932 / _cRobert Freeman Smith ; tr. de Ernesto de la Peña. |
| 260 |
_aMéxico : _bExtemporáneos ; _bH. Cámara de Diputados. Instituto de Investigaciones Legislativas, _c1973 (1993 impr.). |
||
| 300 | _a305 p. | ||
| 534 |
_aTítulo del libro en inglés : _tThe United States and Revolutionary nationalism in México, 1916-1932 |
||
| 651 | 4 |
_aMéxico _xHistoria _y1910-1946 _91296 |
|
| 651 | 4 |
_aMéxico _xRelaciones exteriores _zEstados Unidos _96689 |
|
| 905 | _aLibro | ||
| 999 |
_c21473 _d21473 |
||